Localités du Canton de Fribourg - Statistiques

Statistiques générales
  • Ce quiz a été pris 210 fois
    150 depuis la dernière actualisation
  • Le résultat moyen est 113 sur 277
Réponses sur la Carte
Les réponses sont colorées sur une échelle allant du rouge au vert en fonction du pourcentage des utilisateurs qui les ont devinées à leur premier essai. Vous pouvez retrouver ces pourcentages ci-dessous.
 
Statistiques - réponses
Habitants Localité % Correct
21 245 Bulle
94%
38 414 Fribourg
94%
5 908 Romont
83%
787 Charmey
82%
2 235 Charmey (Gruyère)
82%
359 Châtel-sur-Montsalvens
82%
256 Estavayer-le-Gibloux
77%
6 310 Estavayer-le-Lac
77%
325 Villars-sous-Mont
77%
12 444 Villars-sur-Glâne
77%
431 Bellegarde
75%
6 831 Morat
75%
154 Gruyères
71%
613 Pont-la-Ville
71%
180 Pont (Veveyse)
71%
2 559 Vuadens
71%
644 Avry-devant-Pont
69%
1 768 Avry-sur-Matran
69%
2 810 Broc
68%
7 341 Châtel-Saint-Denis
68%
9 069 Marly
68%
8 873 Guin
66%
257 Granges-de-Vesin
65%
978 Granges (Veveyse)
65%
1 854 La Roche
65%
1 798 Matran
65%
2 875 Neyruz
65%
1 243 Siviriez
65%
3 398 Belfaux
63%
3 309 Givisiez
63%
1 322 Prez-vers-Noréaz
63%
489 Prez-vers-Siviriez
63%
1 009 Vuisternens-devant-Romont
63%
1 186 Vuisternens-en-Ogoz
63%
2 515 Courtepin
62%
1 655 Farvagny-le-Grand
62%
758 Farvagny-le-Petit
62%
5 537 La Tour-de-Trême
62%
1 130 Vaulruz
62%
1 841 Marsens
60%
617 Sâles (Gruyère)
60%
1 842 Ursy
60%
1 421 Le Mouret
58%
1 444 Posieux
58%
649 Rue
58%
1 096 Sorens
58%
847 Chénens
57%
3 354 Domdidier
57%
3 592 Tavel
57%
858 Grandvillard
55%
942 Gumefens
55%
53 La Magne
55%
1 142 Lentigny
55%
725 Noréaz
55%
1 478 Planfayon
55%
2 884 Riaz
55%
1 434 Rossens
55%
1 573 Semsales
55%
1 079 Arconciel
54%
756 Autigny
54%
1 609 Bossonnens
54%
665 Corbières
54%
2 742 Corminboeuf
54%
3 936 Granges-Paccot
54%
2 120 Grolley
54%
887 Misery
54%
290 Montbovon
54%
713 Morlon
54%
479 Albeuve
52%
5 452 Chiètres
52%
1 508 Cottens
52%
844 Echarlens
52%
589 Torny-le-Grand
52%
1 597 Treyvaux
52%
1 401 Villaz-Saint-Pierre
52%
3 126 Attalens
51%
1 576 Cugy
51%
1 255 Ecuvillens
51%
1 369 Le Pâquier-Montbarry
51%
852 Portalban
51%
538 Botterens
49%
2 061 Cormondes
49%
665 Lac Noir
49%
1 172 Les Paccots
49%
606 Massonnens
49%
852 Mézières
49%
792 Billens
48%
1 690 Chevrilles
48%
1 613 Cheyres
48%
1 131 Corpataux
48%
453 Courtion
48%
730 Hauteville
48%
547 Montet (Broye)
48%
532 Montet (Glâne)
48%
495 Saint-Martin
48%
565 Villarimboud
48%
319 Villarsel-le-Gibloux
48%
71 Villarsel-sur-Marly
48%
474 Crésuz
46%
1 477 Dompierre
46%
533 Montagny-la-Ville
46%
218 Montagny-les-Monts
46%
390 Orsonnens
46%
1 935 Saint-Aubin
46%
1 342 Saint-Ours
46%
2 481 Sugiez
46%
865 Châtonnaye
45%
409 Corserey
45%
1 189 Fétigny
45%
1 135 Gletterens
45%
400 Lussy
45%
442 Ménières
45%
695 Onnens
45%
559 Rueyres-les-Prés
45%
178 Rueyres-Treyfayes
45%
383 Villaraboud
45%
855 Châbles
43%
451 Chavannes-les-Forts
43%
260 Chavannes-sous-Orsonnens
43%
1 138 Ependes
43%
785 Léchelles
43%
142 Mur (Vully)
43%
1 059 Plasselb
43%
1 285 Remaufens
43%
314 Sévaz
43%
1 362 Tinterin
43%
203 Villarbeney
43%
382 Villarlod
43%
487 Delley
42%
885 Enney
42%
251 Ferpicloz
42%
412 Lovens
42%
199 Moléson-sur-Gruyères
42%
1 059 Ried bei Kerzers
42%
1 193 Courgevaux
40%
1 094 Cressier
40%
286 Essert
40%
2 340 Flamatt
40%
574 Lully
40%
224 Magnedens
40%
994 Saint-Sylvestre
40%
374 Villarvolard
40%
3 322 Basens
38%
437 Cerniat
38%
491 Estavannens
38%
427 Le Bry
38%
597 Le Crêt-près-Semsales
38%
990 Pringy
38%
4 342 Schmitten
38%
331 Surpierre
38%
949 Epagny
37%
201 Grenilles
37%
187 La Verrerie
37%
352 Le Châtelard-près-Romont
37%
509 Montévraz
37%
3 266 Wünnewil
37%
174 Corjolens
35%
440 Frasses
35%
116 Hennens
35%
216 La Villette
35%
798 Murist
35%
150 Pierrafortscha
35%
467 Ponthaux
35%
187 Posat
35%
274 Vuippens
35%
439 Font
34%
363 La Joux
34%
250 Lessoc
34%
288 Sommentier
34%
520 Vallon
34%
605 Aumont
32%
60 Chapelle (Broye)
32%
349 Chapelle (Glâne)
32%
1 628 Courtaman
32%
197 Les Sciernes-d'Albeuve
32%
493 Middes
32%
473 Montbrelloz
32%
213 Oberried
32%
616 Porsel
32%
639 Bourguillon
31%
1 042 Cordast
31%
1 330 Cousset
31%
1 223 Dirlaret
31%
412 Forel
31%
212 Grangettes-près-Romont
31%
167 Greng
31%
475 Neirivue
31%
383 Pensier
31%
400 Praz (Vully)
31%
257 Russy
31%
1 672 Saint-Antoine
31%
413 Vesin
31%
182 Zénauva
31%
1 885 Alterswil
29%
511 Bussy
29%
163 Chésopelloz
29%
291 Cormagens
29%
328 Formangueires
29%
203 Frasses
29%
419 Lossy
29%
564 Meyriez
29%
316 Romanens
29%
148 Senèdes
29%
818 Vauderens
29%
286 Auboranges
28%
140 Barberêche
28%
700 Brünisried
28%
367 Cheiry
28%
405 Ecublens
28%
373 Grandsivaz
28%
1 840 Heitenried
28%
342 Maules
28%
390 Môtier (Vully)
28%
705 Petit-Basens
28%
401 Rueyres-Saint-Laurent
28%
351 Villariaz
28%
322 Autavaux
26%
739 Bonnefontaine
26%
407 Bouloz
26%
46 Lieffrens
26%
1 012 Lugnorre
26%
964 Montilier
26%
2 416 Ueberstorf
26%
72 Autafond
25%
295 Berlens
25%
35 Les Friques
25%
97 Prévondavaux
25%
663 Promasens
25%
510 Villargiroud
25%
232 Bollion
23%
100 Chandon
23%
527 Châtillon
23%
614 Cournillens
23%
148 Estévenens
23%
367 La Corbaz
23%
500 Nuvilly
23%
545 Tatroz
23%
415 Villeneuve
23%
232 Cormondes-le-Petit
22%
199 Esmonts
22%
297 Grattavache
22%
345 Nierlet-les-Bois
22%
408 Seiry
22%
401 Vuarmarens
22%
424 Wallenried
22%
319 Courlevon
20%
213 Morens
20%
1 153 Oberschrot
20%
330 Villarsiviriaux
20%
370 Zumholz
20%
49 La Neirigue
18%
565 Mannens
18%
194 Gillarens
17%
57 Bionnens
15%
410 Cormérod
15%
45 Les Ecasseys
15%
425 Ormey
15%
667 Villarepos
15%
314 Champagny
14%
265 Progens
14%
259 Vuissens
14%
209 Wallenbuch
14%
82 Blessens
12%
52 Morlens
12%
148 Mossel
12%
175 Besencens
11%
376 Courchelmont
11%
440 Jentes
11%
156 Agriswil
9%
51 Clavaleyres
9%
341 Fiaugères
9%
181 Lourtens
9%
48 Praratoud
9%
696 Salvagny
9%
186 Buchillon
8%
777 Liebistorf
8%
36 Treyfayes
8%
Aucun quiz correspondant
Distribution des résultats
% des personnes avec chaque résultat
Percentile par nombre de réponses
Votre historique - résultats
Vous n’avez pas pris ce quiz depuis la dernière actualisation